| 000 | 00526nam a2200193Ia 4500 | ||
|---|---|---|---|
| 008 | 101110s9999 xx 000 0 und d | ||
| 041 | _aENGLISH | ||
| 082 | _bJR1771 | ||
| 100 | _aDaryani G.B., Latif S.A. | ||
| 245 | _aElementary Book-Keeping and Accountancy Std.XI | ||
| 365 | _b17 | ||
| 520 | _aCommerce | ||
| 546 | _aENGLISH | ||
| 630 | _aElementary Book-Keeping and Accountancy Std.XI | ||
| 650 | _aCommerce | ||
| 655 | _aCommerce | ||
| 730 | _aElementary Book-Keeping and Accountancy Std.XI | ||
| 942 | _cBOOK | ||
| 999 |
_c793904 _d793901 |
||